Acts of the ... legislature of the state of New Jersey, and ... session under the constitution.
Saved in:
| New Title: | New Jersey. Laws etc. Acts of the ... annual session of the ... legislature of the state of New Jersey and ... under the new constitution |
|---|---|
| Previous Title: | New Jersey. Laws etc. Acts of the ... General assembly of the state of New Jersey |
| Corporate Author: | |
| Format: | Serial |
| Language: | English |
| Published: |
Trenton, N.J. :
Phillips & Boswell,
1845-1969.
|
| Subjects: | |
| Tags: |
Add Tag
No Tags, Be the first to tag this record!
|
| LEADER | 01084nas a2200289 a 4500 | ||
|---|---|---|---|
| 001 | 008564703-9 | ||
| 005 | 20020606104010.5 | ||
| 008 | 950918d18451969njuar l 0 0eng d | ||
| 010 | |a sn 95040554 | ||
| 035 | 0 | |a ocm33145343 | |
| 040 | |a NYG |c NYG |d HLS | ||
| 043 | |a n-us-nj | ||
| 110 | 1 | |a New Jersey. | |
| 240 | 1 | 0 | |a Laws, etc. |
| 245 | 1 | 0 | |a Acts of the ... legislature of the state of New Jersey, and ... session under the constitution. |
| 246 | 1 | 0 | |a Laws of New Jersey |
| 260 | |a Trenton, N.J. : |b Phillips & Boswell, |c 1845-1969. | ||
| 300 | |a 125 v. ; |c 23 cm. | ||
| 310 | |a Annual | ||
| 362 | 0 | |a 69th (1845)-193rd (1969). | |
| 500 | |a Imprint varies. | ||
| 650 | 0 | |a Law |z New Jersey. | |
| 650 | 0 | |a Session laws |z New Jersey. | |
| 780 | 0 | 0 | |a New Jersey. |s Laws etc. |t Acts of the ... General assembly of the state of New Jersey |w (DLC) 83642998 |w (OCoLC)8793607 |
| 785 | 0 | 0 | |a New Jersey. |s Laws etc. |t Acts of the ... annual session of the ... legislature of the state of New Jersey and ... under the new constitution |w (DLC)sn 95040555 |w (OCoLC)15261836 |
| 988 | |a 20020608 | ||
| 906 | |0 OCLC | ||


